[Event "Gdansk op 14th"]
[Site "Gdansk"]
[Date "2012.07.22"]
[Round "1"]
[White "Moszczenski, Milosz"]
[Black "Olejarczyk, Bogdan"]
[Result "0-1"]
[WhiteElo "1718"]
[BlackElo "2117"]
[PlyCount "50"]
[EventDate "2012.07.22"]
[EventType "swiss"]
[EventRounds "9"]
[EventCountry "POL"]
[SourceTitle "CBM 149 Extra"]
[Source "ChessBase"]
[SourceDate "2012.08.24"]
[SourceVersion "1"]
[SourceVersionDate "2012.08.24"]
[SourceQuality "1"]

1. d4 d5 2. c4 c6 3. Nf3 Nf6 4. Nc3 a6 5. e3 Bf5 6. b3 e6 7. c5 b6 8. b4 a5 9. Qa4 Be7 10. Ba3 0-0 11. Be2 b5 12. Qd1 Na6 13. Qb3 Ne4 14. Nxe4 Bxe4 15. Ne5 Qc7 16. f3 Bf5 17. Bd3 Nxb4 18. Bxb4 axb4 19. Qxb4 Ra4 20. Qd2 Bxc5 21. Nxc6 Bxd3 22. Qxd3 Qxc6 23. dxc5 Qxc5 24. Ke2 Rfa8 25. Qd2 Qc7 0-1

[Event "Milanowek-ch"]
[Site "Milanowek"]
[Date "2012.07.02"]
[Round "3"]
[White "Olejarczyk, Bogdan"]
[Black "Dabrowski, Mikolaj"]
[Result "1-0"]
[WhiteElo "2117"]
[BlackElo "1560"]
[PlyCount "105"]
[EventDate "2012.06.30"]
[EventType "swiss"]
[EventRounds "9"]
[EventCountry "POL"]
[SourceTitle "EXT 2014"]
[Source "ChessBase"]
[SourceDate "2013.11.20"]
[SourceVersion "1"]
[SourceVersionDate "2013.11.20"]
[SourceQuality "1"]

1. d4 Nf6 2. Nf3 e6 3. c4 b6 4. Nbd2 Bb7 5. Qc2 Bb4 6. e3 Ne4 7. a3 Nxd2 8. Nxd2 Bxd2+ 9. Bxd2 f5 10. f3 Qh4+ 11. Ke2 0-0 12. g3 Qh5 13. Bg2 d6 14. Kf2 Nd7 15. Rhf1 Rf6 16. Kg1 e5 17. h3 Qg6 18. Kh2 e4 19. f4 h5 20. h4 c5 21. Bc3 Rff8 22. Rfd1 Nf6 23. Qd2 Ng4+ 24. Kh3 cxd4 25. Bxd4 Rac8 26. Rac1 Qe6 27. Bf1 Kh7 28. b3 Rfd8 29. Kg2 Ba6 30. Be2 Qf7 31. Rc3 Rc7 32. Rdc1 Rdc8 33. R3c2 Qe6 34. Qb4 Qd7 35. Bd1 d5 36. c5 bxc5 37. Rxc5 Rxc5 38. Rxc5 Rc7 39. Qa5 Rc6 40. Rxd5 Rd6 41. Rxd6 Qxd6 42. Qxf5+ Qg6 43. Qxg6+ Kxg6 44. a4 Nf6 45. Bxa7 Bd3 46. b4 Nd5 47. b5 Nc3 48. Bb3 Kf5 49. Kf2 Ne2 50. Bd4 Nxd4 51. exd4 Kf6 52. b6 Ba6 53. Bd5 1-0

[Event "Milanowek-ch"]
[Site "Milanowek"]
[Date "2012.06.30"]
[Round "1"]
[White "Olejarczyk, Bogdan"]
[Black "Grabarczyk, Sylwester Piotr"]
[Result "0-1"]
[WhiteElo "2117"]
[BlackElo "1746"]
[PlyCount "127"]
[EventDate "2012.06.30"]
[EventType "swiss"]
[EventRounds "9"]
[EventCountry "POL"]
[SourceTitle "EXT 2014"]
[Source "ChessBase"]
[SourceDate "2013.11.20"]
[SourceVersion "1"]
[SourceVersionDate "2013.11.20"]
[SourceQuality "1"]

1. d4 f5 2. Nf3 Nf6 3. Bf4 d6 4. e3 e6 5. Be2 Be7 6. h3 0-0 7. c3 Nc6 8. Nbd2 Nd5 9. Bh2 f4 10. e4 Nb6 11. b4 Qe8 12. b5 Nd8 13. Qb3 Qg6 14. 0-0 Kh8 15. e5 d5 16. a4 Nd7 17. c4 c6 18. a5 Qh6 19. b6 a6 20. c5 g5 21. Ne1 Rg8 22. Qf3 Qg7 23. Qg4 Nf8 24. Kh1 Nf7 25. g3 Nh6 26. Qf3 Nf5 27. Nc2 Ng6 28. gxf4 gxf4 29. Rg1 Nfh4 30. Qg4 Qf7 31. Nf3 Nxf3 32. Qxf3 Bd7 33. Bd3 Raf8 34. Qh5 Be8 35. Rg4 Rg7 36. Rag1 Rfg8 37. Qh6 f3 38. Ne1 Bf8 39. Qh5 Ne7 40. Qxf7 Rxf7 41. Rxg8+ Nxg8 42. Rg3 Bh6 43. Nxf3 Bf4 44. Rg2 Nh6 45. Bg3 Bxg3 46. Rxg3 Nf5 47. Bxf5 Rxf5 48. Kg2 Bh5 49. Ng5 Bf7 50. Nxf7+ Rxf7 51. Rf3 Rg7+ 52. Kf1 Kg8 53. Rg3 Kf7 54. Ke2 Rg6 55. Ke3 Rh6 56. Rf3+ Ke7 57. Rg3 Kf7 58. f4 Rh4 59. Rf3 Ke7 60. Kf2 Rh5 61. Kg3 Rf5 62. Rf2 Rh5 63. Kg4 Rf5 64. h4 0-1

[Event "Warsaw-ch opA 65th"]
[Site "Warsaw"]
[Date "2012.06.03"]
[Round "9"]
[White "Olejarczyk, Bogdan"]
[Black "Suchocki, Tomasz"]
[Result "1/2-1/2"]
[WhiteElo "2132"]
[BlackElo "1957"]
[PlyCount "80"]
[EventDate "2012.05.26"]
[EventType "swiss"]
[EventRounds "9"]
[EventCountry "POL"]
[SourceTitle "CBM 148 Extra"]
[Source "ChessBase"]
[SourceDate "2012.06.22"]
[SourceVersion "1"]
[SourceVersionDate "2012.06.22"]
[SourceQuality "1"]

1. d4 Nf6 2. Nf3 b6 3. Bf4 Bb7 4. e3 Nh5 5. Bg5 h6 6. Bh4 g5 7. Ne5 Nf6 8. Bg3 d6 9. Nd3 Nbd7 10. Nd2 e6 11. c3 Bg7 12. f3 Qe7 13. Qa4 a6 14. 0-0-0 b5 15. Qc2 c5 16. dxc5 dxc5 17. Ne5 0-0-0 18. Nxd7 Rxd7 19. e4 Rhd8 20. Be2 Nh5 21. Nf1 f5 22. Rxd7 Qxd7 23. exf5 exf5 24. Bf2 Nf4 25. Ne3 Nxe2+ 26. Qxe2 Qe6 27. Rd1 Rxd1+ 28. Qxd1 f4 29. Nc2 Bf8 30. Qe1 Bd5 31. a3 Qxe1+ 32. Nxe1 Kd7 33. h4 Ke6 34. hxg5 hxg5 35. Nd3 c4 36. Ne1 Kf5 37. Kd2 Bd6 38. Bb6 g4 39. Ke2 Be7 40. Nc2 Bf6 1/2-1/2

[Event "POL-chT 2nd League"]
[Site "Mrzezyno"]
[Date "2011.09.06"]
[Round "4"]
[White "Jagodzinski, Piotr"]
[Black "Olejarczyk, Bogdan"]
[Result "1/2-1/2"]
[WhiteElo "2162"]
[BlackElo "2115"]
[PlyCount "117"]
[EventDate "2011.09.03"]
[EventType "team-swiss"]
[EventRounds "9"]
[EventCountry "POL"]
[SourceTitle "EXT 2015"]
[Source "ChessBase"]
[SourceDate "2014.11.20"]
[SourceVersion "1"]
[SourceVersionDate "2014.11.20"]
[SourceQuality "1"]
[WhiteTeam "Wroclaw AZS Politechnika"]
[BlackTeam "Warszawa KU AZS UW w"]
[WhiteTeamCountry "POL"]
[BlackTeamCountry "POL"]

1. Nf3 d5 2. b3 Bf5 3. Bb2 e6 4. e3 h6 5. Be2 Nf6 6. 0-0 Nbd7 7. c4 Be7 8. cxd5 exd5 9. a3 a5 10. Kh1 0-0 11. d3 Re8 12. h3 Bd6 13. Nbd2 c6 14. Rg1 Ne5 15. Qc2 h5 16. Nxe5 Bxe5 17. Bxe5 Rxe5 18. Nf3 Re8 19. Rgb1 Qd6 20. Qc3 c5 21. Rc1 b6 22. Qb2 Rac8 23. b4 axb4 24. axb4 Be6 25. Ra6 c4 26. Nd4 cxd3 27. Bxd3 Rxc1+ 28. Qxc1 Qxb4 29. Nxe6 fxe6 30. Qc7 Qc5 31. Qxb6 Qxb6 32. Rxb6 e5 33. Bg6 Rd8 34. Kg1 Kf8 35. Kf1 Ke7 36. Bf5 Rd6 37. Rb7+ Nd7 38. Ke2 g6 39. Bd3 Kf6 40. Rb5 g5 41. Bc2 h4 42. Kf3 e4+ 43. Kg4 Ne5+ 44. Kh5 Rd8 45. Rb6+ Kf5 46. Kh6 Rd6+ 47. Rxd6 Nf7+ 48. Kg7 Nxd6 49. Bd1 Ne8+ 50. Kf7 Nf6 51. Ke7 Ke5 52. Be2 Ng8+ 53. Kf8 Nh6 54. Kg7 Nf5+ 55. Kg6 d4 56. Kxg5 dxe3 57. fxe3 Nxe3 58. Kxh4 Nxg2+ 59. Kg3 1/2-1/2

[Event "POL-chT 2nd League"]
[Site "Mrzezyno"]
[Date "2011.09.03"]
[Round "1"]
[White "Olejarczyk, Bogdan"]
[Black "Paszewski, Mateusz"]
[Result "1-0"]
[WhiteElo "2115"]
[BlackElo "1919"]
[PlyCount "80"]
[EventDate "2011.09.03"]
[EventType "team-swiss"]
[EventRounds "9"]
[EventCountry "POL"]
[SourceTitle "EXT 2015"]
[Source "ChessBase"]
[SourceDate "2014.11.20"]
[SourceVersion "1"]
[SourceVersionDate "2014.11.20"]
[SourceQuality "1"]
[WhiteTeam "Warszawa KU AZS UW w"]
[BlackTeam "Czestochowa UKS Hetman"]
[WhiteTeamCountry "POL"]
[BlackTeamCountry "POL"]

1. d4 d5 2. Nf3 Nf6 3. Bf4 c6 4. e3 Nbd7 5. Nbd2 g6 6. h3 Bg7 7. Bd3 0-0 8. 0-0 c5 9. c3 b6 10. Ne5 Bb7 11. Qf3 e6 12. a4 a6 13. g4 Ne8 14. Nxd7 Qxd7 15. a5 c4 16. Bc2 b5 17. b4 cxb3 18. Nxb3 Rc8 19. Nc5 Rxc5 20. dxc5 Bxc3 21. Ra3 Bb4 22. Rb3 Bxc5 23. Bh6 d4 24. Be4 Bxe4 25. Qxe4 dxe3 26. fxe3 f5 27. Qe5 Bd6 28. Rd3 Rf7 29. Rfd1 Bxe5 30. Rxd7 b4 31. Rd8 Re7 32. Bg5 Kf7 33. Bxe7 Kxe7 34. R1d7+ Kf8 35. Rb7 fxg4 36. hxg4 Bd6 37. Kf2 h5 38. gxh5 gxh5 39. Ke2 h4 40. Rh7 Be5 1-0

[Event "Gdansk op 13th"]
[Site "Gdansk"]
[Date "2011.07.24"]
[Round "9"]
[White "Olejarczyk, Bogdan"]
[Black "Grabarczyk, Miroslaw"]
[Result "1/2-1/2"]
[WhiteElo "2137"]
[BlackElo "2459"]
[PlyCount "101"]
[EventDate "2011.07.17"]
[EventType "swiss"]
[EventRounds "9"]
[EventCountry "POL"]
[SourceTitle "CBM 143 Extra"]
[Source "ChessBase"]
[SourceDate "2011.08.29"]
[SourceVersion "1"]
[SourceVersionDate "2011.08.29"]
[SourceQuality "1"]

1. d4 d5 2. Nf3 Nf6 3. Bf4 c5 4. e3 Nc6 5. c3 Qb6 6. Qb3 c4 7. Qxb6 axb6 8. Be2 Bf5 9. 0-0 e6 10. Nbd2 b5 11. a3 h6 12. h3 Nd7 13. Ne5 Nb6 14. Rfc1 Na4 15. Ra2 Nxe5 16. Bxe5 f6 17. Bh2 Kf7 18. f3 Nxb2 19. e4 Bg6 20. Rxb2 Bxa3 21. Rcb1 Bxb2 22. Rxb2 Ra5 23. exd5 exd5 24. Bc7 b6 25. Bxb6 Ra1+ 26. Kf2 Re8 27. f4 Ra3 28. Bf3 Bd3 29. Bxd5+ Kg6 30. Nf3 Rxc3 31. Rxb5 Rb3 32. Nh4+ Kh7 33. Rxb3 cxb3 34. Bxb3 Rb8 35. f5 Rxb6 36. Be6 g5 37. fxg6+ Bxg6 38. Nxg6 Kxg6 39. Bg4 Rb2+ 40. Be2 Kf5 41. Ke3 Rb3+ 42. Bd3+ Ke6 43. Ke4 f5+ 44. Ke3 Kd5 45. Ke2 f4 46. Bg6 Rg3 47. Bf7+ Kxd4 48. Kf2 Ra3 49. Bh5 Ke5 50. Bg4 Ra2+ 51. Kf3 1/2-1/2

[Event "Warsaw-ch opA 64th"]
[Site "Warsaw"]
[Date "2011.05.10"]
[Round "4"]
[White "Przedmojski, Rafal"]
[Black "Olejarczyk, Bogdan"]
[Result "1/2-1/2"]
[WhiteElo "2370"]
[BlackElo "2120"]
[PlyCount "78"]
[EventDate "2011.05.07"]
[EventType "swiss"]
[EventRounds "9"]
[EventCountry "POL"]
[SourceTitle "CBM 142 Extra"]
[Source "ChessBase"]
[SourceDate "2011.06.27"]
[SourceVersion "1"]
[SourceVersionDate "2011.06.27"]
[SourceQuality "1"]

1. c4 c6 2. d4 d5 3. Nf3 Nf6 4. Qc2 g6 5. Bf4 Bg7 6. e3 0-0 7. Nc3 a6 8. Bd3 b5 9. b3 bxc4 10. bxc4 dxc4 11. Bxc4 c5 12. 0-0 Nc6 13. dxc5 Qa5 14. Rac1 Qxc5 15. Ne4 Qa7 16. Nxf6+ exf6 17. Bxf7+ Qxf7 18. Qxc6 Bb7 19. Qc7 Rfc8 20. Qxf7+ Kxf7 21. Bd6 Ke6 22. Bb4 Rxc1 23. Rxc1 Rc8 24. Rxc8 Bxc8 25. Kf1 h6 26. Nd2 f5 27. Ke2 Bd7 28. Nb3 Kd5 29. Kd3 Bb5+ 30. Kc2 Kc4 31. Be1 Ba4 32. Ba5 Be5 33. h3 h5 34. Bd8 Bc3 35. f3 Be5 36. Be7 Kd5 37. Bh4 Kc4 38. Be7 Kd5 39. Bh4 Kc4 1/2-1/2

[Event "Warsaw-ch opA 64th"]
[Site "Warsaw"]
[Date "2011.05.09"]
[Round "3"]
[White "Nurkiewicz, Maciej"]
[Black "Olejarczyk, Bogdan"]
[Result "1/2-1/2"]
[WhiteElo "2417"]
[BlackElo "2120"]
[PlyCount "84"]
[EventDate "2011.05.07"]
[EventType "swiss"]
[EventRounds "9"]
[EventCountry "POL"]
[SourceTitle "CBM 142 Extra"]
[Source "ChessBase"]
[SourceDate "2011.06.27"]
[SourceVersion "1"]
[SourceVersionDate "2011.06.27"]
[SourceQuality "1"]

1. e4 d5 2. exd5 Qxd5 3. Nc3 Qd6 4. d4 Nf6 5. Nf3 c6 6. Ne5 Bf5 7. Bc4 e6 8. Bb3 Nbd7 9. Bf4 Nxe5 10. Bxe5 Qd7 11. Qf3 Be7 12. h3 Bg6 13. g4 h6 14. h4 a5 15. h5 Bh7 16. Rg1 Rd8 17. g5 hxg5 18. Rxg5 Rg8 19. h6 gxh6 20. Rxg8+ Nxg8 21. 0-0-0 b5 22. a4 b4 23. Ne4 Bxe4 24. Qxe4 Bf6 25. Rg1 Ke7 26. Kb1 c5 27. dxc5 Bxe5 28. Qxe5 Nf6 29. Re1 Qd4 30. Qc7+ Rd7 31. Qxa5 Qxf2 32. Qxb4 Rd4 33. Qa5 Ne4 34. Ka2 Nd2 35. Rh1 Qf3 36. Rg1 Qe3 37. Rh1 Re4 38. Qc7+ Kf8 39. Qb8+ Ke7 40. Qc7+ Kf8 41. Qc8+ Ke7 42. Qc7+ Kf8 1/2-1/2

[Event "Warsaw-ch opA 64th"]
[Site "Warsaw"]
[Date "2011.05.08"]
[Round "2"]
[White "Olejarczyk, Bogdan"]
[Black "Nguyen, Piotr"]
[Result "1-0"]
[WhiteElo "2120"]
[BlackElo "2397"]
[PlyCount "87"]
[EventDate "2011.05.07"]
[EventType "swiss"]
[EventRounds "9"]
[EventCountry "POL"]
[SourceTitle "CBM 142 Extra"]
[Source "ChessBase"]
[SourceDate "2011.06.27"]
[SourceVersion "1"]
[SourceVersionDate "2011.06.27"]
[SourceQuality "1"]

1. d4 e6 2. Nf3 Nf6 3. Bf4 Nh5 4. Bd2 f5 5. c4 b6 6. g3 Bb7 7. Bg2 Be7 8. Nc3 0-0 9. 0-0 g5 10. e4 Ng7 11. d5 exd5 12. Nxd5 Bxd5 13. exd5 Bf6 14. Re1 d6 15. Qc1 h6 16. Bc3 Nd7 17. Qc2 f4 18. Bh3 Bxc3 19. Qxc3 a5 20. Re2 Nc5 21. Rae1 Qf6 22. Nd4 Rae8 23. Rxe8 Rxe8 24. Rxe8+ Nxe8 25. Be6+ Nxe6 26. Nxe6 Qxc3 27. bxc3 fxg3 28. fxg3 Kf7 29. Kf2 c5 30. Kf3 Nf6 31. h4 gxh4 32. gxh4 Kg6 33. Kf4 Nd7 34. h5+ Kf6 35. Nc7 Kf7 36. Nb5 Ke7 37. Kf5 Ne5 38. a4 Nxc4 39. Kg6 Ne3 40. Kxh6 Nxd5 41. Kg7 Nf6 42. h6 Nh5+ 43. Kg6 Nf4+ 44. Kf5 1-0

[Event "Warsaw YMCA Winter-A 86th"]
[Site "Warsaw"]
[Date "2011.03.10"]
[Round "10"]
[White "Zurkowski, Andrzej"]
[Black "Olejarczyk, Bogdan"]
[Result "0-1"]
[WhiteElo "2138"]
[BlackElo "2104"]
[PlyCount "60"]
[EventDate "2011.01.06"]
[EventType "tourn"]
[EventRounds "13"]
[EventCountry "POL"]
[SourceTitle "EXT 2019"]
[Source "ChessBase"]
[SourceDate "2018.10.10"]
[SourceVersion "1"]
[SourceVersionDate "2018.10.10"]
[SourceQuality "1"]

1. b3 d5 2. Bb2 Bf5 3. e3 e6 4. f4 Nf6 5. Nf3 h6 6. Be2 Be7 7. 0-0 0-0 8. Ne5 Nbd7 9. Bf3 a5 10. a4 c6 11. Kh1 Nxe5 12. fxe5 Nd7 13. d4 f6 14. Bg4 fxe5 15. Bxf5 Rxf5 16. Rxf5 exf5 17. dxe5 Qc7 18. Qf3 Rf8 19. Qg3 Bg5 20. h4 Bf6 21. Nd2 Bxe5 22. Bxe5 Qxe5 23. Qxe5 Nxe5 24. Rf1 g6 25. g3 Ng4 26. Rf3 Re8 27. Nf1 h5 28. c3 Re4 29. Kg2 Kf7 30. Nd2 Nxe3+ 0-1

[Event "Warsaw YMCA Winter-A 86th"]
[Site "Warsaw"]
[Date "2011.02.24"]
[Round "8"]
[White "Gasik, Piotr"]
[Black "Olejarczyk, Bogdan"]
[Result "1-0"]
[WhiteElo "2106"]
[BlackElo "2104"]
[PlyCount "89"]
[EventDate "2011.01.06"]
[EventType "tourn"]
[EventRounds "13"]
[EventCountry "POL"]
[SourceTitle "EXT 2019"]
[Source "ChessBase"]
[SourceDate "2018.10.10"]
[SourceVersion "1"]
[SourceVersionDate "2018.10.10"]
[SourceQuality "1"]

1. c4 e6 2. d4 d5 3. cxd5 exd5 4. Nc3 c6 5. Nf3 Bf5 6. g3 Be7 7. Bg2 Nd7 8. 0-0 h6 9. a3 a5 10. Ne5 Ngf6 11. f3 0-0 12. e4 dxe4 13. fxe4 Be6 14. Nxd7 Qxd7 15. d5 Bg4 16. Qb3 cxd5 17. exd5 Bc5+ 18. Kh1 Bh5 19. Bxh6 Rfe8 20. Na4 Ba7 21. Bf4 Re2 22. Nc3 a4 23. Qxa4 Qxa4 24. Nxa4 Bd4 25. b3 Bxa1 26. Rxa1 Rc8 27. d6 Rcc2 28. Bxb7 Ne4 29. Bxe4 Rxe4 30. d7 Rd4 31. Nb6 Bf3+ 32. Kg1 Rg2+ 33. Kf1 Rxh2 34. Be3 Rh1+ 35. Kf2 Rd3 36. Rxh1 Bxh1 37. Ke2 Be4 38. Bc5 Bf5 39. g4 Rxd7 40. gxf5 Rc7 41. b4 f6 42. a4 Kf7 43. a5 Ke8 44. a6 Kd8 45. Nd5 1-0

[Event "Warsaw YMCA Winter-A 86th"]
[Site "Warsaw"]
[Date "2011.01.13"]
[Round "2"]
[White "Olejarczyk, Bogdan"]
[Black "Nowicki, Bartosz"]
[Result "1-0"]
[WhiteElo "2104"]
[BlackElo "2119"]
[PlyCount "85"]
[EventDate "2011.01.06"]
[EventType "tourn"]
[EventRounds "13"]
[EventCountry "POL"]
[SourceTitle "EXT 2019"]
[Source "ChessBase"]
[SourceDate "2018.10.10"]
[SourceVersion "1"]
[SourceVersionDate "2018.10.10"]
[SourceQuality "1"]

1. d4 f5 2. g3 Nf6 3. Bg2 e6 4. c4 c6 5. Nh3 Be7 6. 0-0 0-0 7. Nd2 d6 8. Qb3 Kh8 9. Nf3 Qc7 10. Bf4 Nh5 11. c5 Nxf4 12. Nxf4 d5 13. Nd3 Bf6 14. Qc3 Bd7 15. Nfe5 Be8 16. b4 Bh5 17. Nf4 Bxe5 18. dxe5 Qf7 19. h4 h6 20. Qd2 Nd7 21. Nd3 Qe7 22. f4 Rg8 23. Kf2 a5 24. a3 b6 25. Rfc1 axb4 26. Qxb4 bxc5 27. Nxc5 Rgb8 28. Qd4 Ra5 29. Nxd7 Qxd7 30. Rc3 Kh7 31. Rac1 Rc8 32. e3 Qb7 33. Qb4 Qa6 34. Bf1 Qa7 35. Qd6 Bf7 36. g4 fxg4 37. Bd3+ Kh8 38. Rxc6 Rg8 39. Rc7 g3+ 40. Ke2 Bh5+ 41. Kd2 Qb8 42. Qxe6 Rxa3 43. Qxh6+ 1-0

[Event "Polanica Zdroj op-B 47th"]
[Site "Polanica Zdroj"]
[Date "2011.??.??"]
[Round "2"]
[White "Olejarczyk, Bogdan"]
[Black "Niezgoda, Boleslaw"]
[Result "1-0"]
[WhiteElo "2137"]
[BlackElo "1735"]
[PlyCount "37"]
[EventDate "2011.08.18"]
[EventType "swiss"]
[EventRounds "9"]
[EventCountry "POL"]
[SourceTitle "CBM 144 Extra"]
[Source "ChessBase"]
[SourceDate "2011.10.28"]
[SourceVersion "1"]
[SourceVersionDate "2011.10.28"]
[SourceQuality "1"]

1. d4 d5 2. Nf3 g6 3. c4 e6 4. Nc3 c6 5. Bf4 Bg7 6. e3 Nd7 7. Qc2 Ne7 8. b3 0-0 9. Bd3 f6 10. Bd6 e5 11. cxd5 Nb6 12. Bxe7 Qxe7 13. dxc6 bxc6 14. 0-0 Nd5 15. Rac1 Kh8 16. Be2 Be6 17. Na4 Rac8 18. Rfd1 Bh6 19. Qc5 1-0

[Event "Gdansk op 12th "]
[Site "Gdansk"]
[Date "2010.07.24"]
[Round "9"]
[White "Suliborski, Jakub"]
[Black "Olejarczyk, Bogdan"]
[Result "0-1"]
[WhiteElo "1893"]
[BlackElo "2159"]
[PlyCount "96"]
[EventDate "2010.07.17"]
[EventType "swiss"]
[EventRounds "9"]
[EventCountry "POL"]
[SourceTitle "EXT 2011"]
[Source "ChessBase"]
[SourceDate "2010.11.26"]
[SourceVersion "1"]
[SourceVersionDate "2010.11.26"]
[SourceQuality "1"]

1. e4 c6 2. d4 d5 3. Nc3 dxe4 4. Nxe4 Nd7 5. Nf3 Ngf6 6. Neg5 e6 7. Bd3 Be7 8. h4 0-0 9. Bf4 c5 10. Nxf7 Rxf7 11. Ng5 cxd4 12. Nxf7 Kxf7 13. g4 Qa5+ 14. Kf1 Qd5 15. Rg1 g6 16. Qe2 Nc5 17. Bc4 Qe4 18. Qxe4 Ncxe4 19. f3 Nd6 20. Bd3 Nd5 21. Be5 Nb4 22. Bxd4 Nxd3 23. cxd3 Bd7 24. Rc1 Bc6 25. h5 gxh5 26. Rh1 h4 27. Ke2 a6 28. Bf2 Rc8 29. Rc5 Kg8 30. Rh3 Nf7 31. Rc4 Ng5 32. Rxh4 Bxf3+ 33. Ke3 Rxc4 34. dxc4 Bc5+ 35. Kf4 Bxf2 36. Rh2 Bg1 37. Rh5 h6 38. Rxh6 e5+ 39. Kf5 Nf7 40. Re6 Be3 41. b4 Bc6 42. Rg6+ Kf8 43. Ke6 Bg5 44. a3 e4 45. b5 axb5 46. cxb5 Bxb5 47. Kd5 Bc6+ 48. Kd4 Ke7 0-1